[Event "Itajuba 1st"]
[Site "Itajuba"]
[Date "2015.01.31"]
[Round "7"]
[White "Arango, Pedro Esteban"]
[Black "Figueredo, Jonathas Marcelo"]
[Result "1/2-1/2"]
[WhiteElo "1870"]
[BlackElo "1782"]
[PlyCount "130"]
[EventDate "2015.01.29"]
[EventType "tourn"]
[EventRounds "9"]
[EventCountry "BRA"]
[SourceTitle "CBM 164 Extra"]
[Source "ChessBase"]
[SourceDate "2015.03.02"]
[SourceVersion "1"]
[SourceVersionDate "2015.03.02"]
[SourceQuality "1"]

1. d4 e5 2. c3 exd4 3. cxd4 Nf6 4. Bf4 d5 5. e3 Bd6 6. Bxd6 Qxd6 7. Nd2 0-0 8. Ngf3 Bf5 9. Be2 Nbd7 10. 0-0 Rac8 11. Qb3 c5 12. Rac1 c4 13. Qd1 b5 14. Nh4 Bg6 15. Nxg6 fxg6 16. Bf3 Rce8 17. Qc2 a6 18. h3 g5 19. Qd1 g6 20. Re1 Kg7 21. Rf1 h5 22. Re1 g4 23. hxg4 hxg4 24. Bxg4 Nxg4 25. Qxg4 Nf6 26. Qf4 Qe6 27. Qg3 Nh5 28. Qh3 Qd6 29. Nf3 Rh8 30. Qg4 Nf6 31. Qf4 Qd7 32. Ne5 Qe6 33. Qg3 Ne4 34. Qg4 Qf6 35. Qf3 Qe7 36. Rc2 Ref8 37. Qg4 Rh6 38. Qd7 Qxd7 39. Nxd7 Rfh8 40. Kf1 Rh2 41. Ne5 Rf8 42. Nf3 Rh6 43. Ke2 g5 44. Rf1 g4 45. Nd2 Nxd2 46. Rxd2 Rhf6 47. g3 Rh6 48. Rdd1 Rh2 49. Ke1 Kg6 50. Rd2 a5 51. a3 Rh7 52. Rd1 Rb7 53. Ke2 b4 54. axb4 Rxb4 55. Rd2 Rfb8 56. Ra1 a4 57. Kd1 Kf5 58. Kc1 Rh8 59. Kc2 Rhb8 60. Kc1 Ke4 61. Rc2 Rh8 62. Kd2 Rh2 63. Ke2 Rh8 64. Rd2 Rhb8 65. Ra2 Rh8 1/2-1/2

[Event "Itajuba 1st"]
[Site "Itajuba"]
[Date "2015.01.31"]
[Round "6"]
[White "Figueredo, Jonathas Marcelo"]
[Black "Deus Filho, Joaquim"]
[Result "0-1"]
[WhiteElo "1782"]
[BlackElo "2009"]
[PlyCount "79"]
[EventDate "2015.01.29"]
[EventType "tourn"]
[EventRounds "9"]
[EventCountry "BRA"]
[SourceTitle "CBM 164 Extra"]
[Source "ChessBase"]
[SourceDate "2015.03.02"]
[SourceVersion "1"]
[SourceVersionDate "2015.03.02"]
[SourceQuality "1"]

1. e4 e6 2. d4 b6 3. Nf3 Bb7 4. Bd3 c5 5. c3 cxd4 6. cxd4 Bb4+ 7. Bd2 Nc6 8. 0-0 Bxd2 9. Nbxd2 d6 10. d5 Nb8 11. Bb5+ Kf8 12. dxe6 fxe6 13. Nd4 Qf6 14. Nc4 Bxe4 15. Nxd6 Bd5 16. Rc1 Ne7 17. Re1 a6 18. Bc4 Bxc4 19. Rxc4 e5 20. N4f5 Nbc6 21. Nxe7 Nxe7 22. Ne4 Qe6 23. Rc3 h6 24. Rce3 Kg8 25. Nc3 Ng6 26. f4 Nxf4 27. Rxe5 Qc6 28. R5e4 Ng6 29. Re6 Qc5+ 30. Kh1 Qf5 31. Qd6 Kh7 32. Ne4 Rhd8 33. Qxb6 Nf4 34. Ng3 Qc2 35. Rxh6+ Kg8 36. Ne2 Rd1 37. Rxd1 Qxd1+ 38. Ng1 gxh6 39. Qxh6 Qg4 40. g3 0-1

[Event "Itajuba 1st"]
[Site "Itajuba"]
[Date "2015.01.30"]
[Round "4"]
[White "Figueredo, Jonathas Marcelo"]
[Black "Queiroz, Alberto Becker"]
[Result "0-1"]
[WhiteElo "1782"]
[BlackElo "2111"]
[PlyCount "55"]
[EventDate "2015.01.29"]
[EventType "tourn"]
[EventRounds "9"]
[EventCountry "BRA"]
[SourceTitle "CBM 164 Extra"]
[Source "ChessBase"]
[SourceDate "2015.03.02"]
[SourceVersion "1"]
[SourceVersionDate "2015.03.02"]
[SourceQuality "1"]

1. e4 c6 2. Nc3 d5 3. d4 dxe4 4. Nxe4 Nd7 5. Nf3 Ngf6 6. Nc3 Nb6 7. Bd3 Bg4 8. Be3 e6 9. a3 Nbd5 10. Bd2 Bd6 11. h3 Bh5 12. Qe2 Nf4 13. Bxf4 Bxf4 14. g3 Bd6 15. g4 Bg6 16. 0-0-0 Qa5 17. Ne5 Bxd3 18. Rxd3 Qc7 19. f4 0-0-0 20. Nb5 Qe7 21. Rc3 Bxe5 22. dxe5 Nd5 23. Nd6+ Rxd6 24. exd6 Nxc3 25. Qe5 f6 26. Qxc3 Qxd6 27. Qf3 Rd8 28. Re1 0-1

[Event "Itajuba 1st"]
[Site "Itajuba"]
[Date "2015.01.29"]
[Round "2"]
[White "Figueredo, Jonathas Marcelo"]
[Black "Pinto, Rendrex Lopes"]
[Result "0-1"]
[WhiteElo "1782"]
[BlackElo "2008"]
[PlyCount "60"]
[EventDate "2015.01.29"]
[EventType "tourn"]
[EventRounds "9"]
[EventCountry "BRA"]
[SourceTitle "CBM 164 Extra"]
[Source "ChessBase"]
[SourceDate "2015.03.02"]
[SourceVersion "1"]
[SourceVersionDate "2015.03.02"]
[SourceQuality "1"]

1. e4 d6 2. Nc3 Nf6 3. f4 g6 4. Nf3 c5 5. Bc4 Bg7 6. 0-0 0-0 7. d3 Nc6 8. Be3 a6 9. a3 b5 10. Ba2 Rb8 11. h3 b4 12. axb4 Rxb4 13. e5 Nh5 14. Nd5 Rxb2 15. g4 Ng3 16. Rf2 dxe5 17. c4 exf4 18. Bxf4 Ne2+ 19. Rxe2 Rxe2 20. Qxe2 Bxa1 21. Qf2 Nd4 22. Ng5 Ne6 23. Ne4 Bd4 24. Be3 Bb7 25. Bxd4 Nxd4 26. Nef6+ exf6 27. Nxf6+ Kg7 28. Nh5+ gxh5 29. gxh5 Qg5+ 30. Kf1 Qc1+ 0-1